00343 2200145 4500001002100000005001500021035002000036245004900056100002100105300000800126260002900134082000800163084001400171990001200185INLIS00000000000216620250527120157 a0010-05250004581 aMenjadi Orang Tua Idaman /cLaela CH Budiman0 aLaela CH Budiman a189 aJakarta :bKompas,c1999 a813 a813 LAE m a0712511